| 000 | 00777nam a2200193Ia 4500 | ||
|---|---|---|---|
| 001 | 17676 | ||
| 003 | GE_BSU | ||
| 008 | 181216s||||||||xx |||||||||||||| ||und|| | ||
| 040 | _cGE_BSU | ||
| 080 | _a821.353.1+821.353.1-1+821.353.1-92+821.353.1-09 | ||
| 245 | _aპირველი სხივი:სტალინის სახ.უნივერსიტეტის სტუდენტთა ლიტერატურული წრის ალმანახი | ||
| 245 | _bწ.3 | ||
| 245 | _cსარ.კოლ.:ბ.ჟრენტი და სხვ,;მხატვ.ს.კეცხოველი | ||
| 260 | _aთბილისი | ||
| 260 | _bუნ-ტის გამ-ბა | ||
| 260 | _c1952 | ||
| 300 | _a350გვ.;24სმ | ||
| 942 | _cBK | ||
| 999 |
_c50724 _d50724 |
||